[Event "9. Lovsprings EMT Basis 1 1997"]
[Site "Ringsted"]
[Date "1997.04.18"]
[Round "5"]
[White "Hansen, Ove Frank"]
[Black "Ulstrup, Benny"]
[Result "1/2-1/2"]
[WhiteElo "1888"]
[BlackElo "1768"]
[PlyCount "41"]
[EventDate "1997.??.??"]

1. e4 d5 2. exd5 Qxd5 3. Nc3 Qa5 4. d4 Nf6 5. Nf3 Bf5 6. Bc4 e6 7. O-O c6 8.
Re1 Bb4 9. Bd2 O-O 10. a3 Bxc3 11. Bxc3 Qc7 12. Bd2 Nbd7 13. Bg5 h6 14. h4 Rfe8
15. Bd3 Bxd3 16. Qxd3 c5 17. dxc5 Qxc5 18. Rad1 e5 19. Qe2 e4 20. Nd4 a6 21.
Nb3 1/2-1/2

[Event "9. Lovsprings EMT Basis 1 1997"]
[Site "Ringsted"]
[Date "1997.04.18"]
[Round "5"]
[White "Jensen, Karsten"]
[Black "Aage, Bjarke Gadgaard"]
[Result "0-1"]
[WhiteElo "1761"]
[BlackElo "1787"]
[PlyCount "117"]
[EventDate "1997.??.??"]

1. d4 Nf6 2. c4 c5 3. Nf3 cxd4 4. Nxd4 Nc6 5. e3 e6 6. a3 Qb6 7. b4 a6 8. Be2
d5 9. c5 Qc7 10. Nc3 b6 11. cxb6 Qxb6 12. Nxc6 Qxc6 13. Bb2 Bd6 14. Rc1 Qb7 15.
Na4 e5 16. O-O O-O 17. Nc5 Qb6 18. Bf3 Be6 19. Nxe6 fxe6 20. Qd2 a5 21. bxa5
Rxa5 22. Rc6 Qxc6 23. Qxa5 Ra8 24. Qd2 e4 25. Rc1 Qb7 26. Be2 Bxa3 27. Bxa3
Rxa3 28. Qc2 Ra8 29. Qc5 Qb2 30. Qc6 Re8 31. Bh5 g6 32. Bg4 Kf7 33. Bd1 Qb4 34.
Ba4 Re7 35. h3 Ra7 36. Bb5 Nd7 37. g4 Qe7 38. Qc3 Qf6 39. Bxd7 Rxd7 40. Qxf6+
Kxf6 41. Rc6 Ke5 42. Rc5 Kd6 43. Rc8 e5 44. Re8 Re7 45. Rd8+ Kc5 46. Rc8+ Kb4
47. Rb8+ Kc4 48. Rc8+ Kd3 49. Kf1 d4 50. Rd8 Rb7 51. Kg2 Kc3 52. Rc8+ Kd2 53.
Re8 d3 54. Rxe5 Ke2 55. Rxe4 d2 56. Rd4 Rf7 57. Rxd2+ Kxd2 58. e4 Ke2 59. e5
0-1

[Event "9. Lovsprings EMT Basis 1 1997"]
[Site "Ringsted"]
[Date "1997.04.18"]
[Round "5"]
[White "Jorgensen, Lars"]
[Black "Mott, Jens"]
[Result "0-1"]
[WhiteElo "1816"]
[BlackElo "1799"]
[PlyCount "118"]
[EventDate "1997.??.??"]

1. e4 e6 2. d4 d5 3. exd5 exd5 4. Bd3 c5 5. c3 Nc6 6. Ne2 Bd6 7. dxc5 Bxc5 8.
O-O Nge7 9. Bg5 f6 10. Bh4 Ne5 11. Bb5+ Bd7 12. Bxd7+ Qxd7 13. Nd4 O-O 14. Nd2
Bxd4 15. cxd4 N5g6 16. Bg3 Rac8 17. Nb3 b6 18. Qd3 Rc6 19. Rac1 Rfc8 20. Rxc6
Rxc6 21. Rc1 Rxc1+ 22. Nxc1 Qc8 23. Ne2 Nf5 24. Nc3 Nge7 25. Bf4 Qe6 26. Be3
Nc6 27. a3 Nd6 28. Kf1 Nc4 29. Qe2 g6 30. Bc1 Qxe2+ 31. Nxe2 Kf7 32. b3 N4a5
33. b4 Nc4 34. b5 Ne7 35. a4 g5 36. Nc3 Ke6 37. Ke2 Nf5 38. Be3 Nfd6 39. Kf3 h6
40. Kg4 Nf7 41. Bc1 Ncd6 42. f4 f5+ 43. Kh5 g4 44. h3 gxh3 45. gxh3 Ne4 46. Ne2
Kf6 47. Ba3 Nf2 48. Kh4 Kg6 49. Nc3 Ne4 50. Nxd5 Nd8 51. Ne7+ Kf6 52. Nc6 Ne6
53. Nxa7 Nxf4 54. Bc1 Ne2 55. Bxh6 Nxd4 56. Be3 Nf3+ 57. Kh5 Kg7 58. Bh6+ Kh7
59. Bf4 Nf6# 0-1

[Event "9. Lovsprings EMT Basis 1 1997"]
[Site "Ringsted"]
[Date "1997.04.18"]
[Round "5"]
[White "Mortensen, Martin Lind"]
[Black "Rasmussen, Henning"]
[Result "1-0"]
[WhiteElo "1765"]
[BlackElo "1849"]
[PlyCount "37"]
[EventDate "1997.??.??"]

1. e4 e6 2. d4 d5 3. Nc3 Nf6 4. Bg5 dxe4 5. Nxe4 Be7 6. Bxf6 Bxf6 7. Nf3 b6 8.
Bd3 Bb7 9. c3 Nd7 10. Qd2 Be7 11. O-O-O c6 12. Rhe1 h6 13. Qf4 Nf8 14. Kb1 Qb8
15. Ne5 f6 16. Qg3 g5 17. Qf3 fxe5 18. dxe5 c5 19. Bb5+ 1-0

[Event "9. Lovsprings EMT Basis 1 1997"]
[Site "Ringsted"]
[Date "1997.05.02"]
[Round "6"]
[White "Aage, Bjarke Gadgaard"]
[Black "Mott, Jens"]
[Result "1-0"]
[WhiteElo "1787"]
[BlackElo "1799"]
[PlyCount "119"]
[EventDate "1997.??.??"]

1. d4 e6 2. c4 Nf6 3. Nc3 Bb4 4. Qc2 d5 5. Bg5 c6 6. e3 Nbd7 7. Nf3 Qa5 8. Nd2
O-O 9. Be2 e5 10. Bxf6 Nxf6 11. dxe5 Ne4 12. Rc1 Bxc3 13. bxc3 Nxd2 14. Qxd2
dxc4 15. Bxc4 Rd8 16. Qe2 Qxe5 17. O-O Bf5 18. Qh5 Qf6 19. Qf3 Qg6 20. Rfd1
Rxd1+ 21. Rxd1 Be6 22. Bd3 Qg4 23. Qxg4 Bxg4 24. Rd2 Kf8 25. Bc4 Ke7 26. f3 Be6
27. Bxe6 Kxe6 28. Kf2 b5 29. e4 a5 30. a3 Ra7 31. Ke3 Rb7 32. f4 f6 33. Rd4 c5
34. Rd5 Rc7 35. g4 g6 36. h4 Rc6 37. g5 f5 38. Re5+ Kd7 39. exf5 gxf5 40. Rxf5
Re6+ 41. Kd3 Kd6 42. Rf7 Re1 43. Rxh7 c4+ 44. Kd2 Rg1 45. h5 Rg2+ 46. Ke3 Rg3+
47. Ke4 Rxc3 48. g6 Rg3 49. g7 Ke6 50. h6 c3 51. Rh8 b4 52. axb4 axb4 53. g8=Q+
Rxg8 54. Rxg8 c2 55. Rc8 b3 56. Kd3 Kf7 57. h7 c1=Q 58. Rxc1 Kg7 59. Rh1 Kh8
60. Kc3 1-0

[Event "9. Lovsprings EMT Basis 1 1997"]
[Site "Ringsted"]
[Date "1997.05.02"]
[Round "6"]
[White "Christensen, Henrik"]
[Black "Hansen, Ove Frank"]
[Result "0-1"]
[WhiteElo "1841"]
[BlackElo "1888"]
[PlyCount "94"]
[EventDate "1997.??.??"]

1. d4 d5 2. c4 dxc4 3. Nc3 e6 4. e4 Nc6 5. Be3 Na5 6. f4 c6 7. Qc2 Nf6 8. Nf3
Bb4 9. Ne5 Bxc3+ 10. bxc3 b5 11. g3 O-O 12. Bg2 Qc7 13. Rd1 Bb7 14. O-O a6 15.
Qb1 Rad8 16. Qb4 c5 17. Qxc5 Qxc5 18. dxc5 Bxe4 19. Bxe4 Nxe4 20. c6 Rc8 21. c7
Nxc3 22. Rd7 Nd5 23. Bc5 Rfe8 24. f5 Nf6 25. fxe6 fxe6 26. Rd4 Nd5 27. Rg4 Nb7
28. Rf2 g6 29. Bd4 Rxc7 30. Rf3 Rf8 31. Rxf8+ Kxf8 32. Re4 Nd6 33. Re1 Nf5 34.
Bc5+ Ke8 35. Ba3 Nd4 36. Rf1 b4 37. Bb2 c3 38. Bc1 Ne2+ 39. Kf2 Nxc1 40. Rxc1
a5 41. Ke2 a4 42. Rb1 b3 43. axb3 axb3 44. Rxb3 c2 45. Nd3 c1=Q 46. Nxc1 Rxc1
47. Rb8+ Kf7 0-1

[Event "9. Lovsprings EMT Basis 1 1997"]
[Site "Ringsted"]
[Date "1997.05.02"]
[Round "6"]
[White "Eckert, Svend"]
[Black "Jensen, Karsten"]
[Result "0-1"]
[WhiteElo "1725"]
[BlackElo "1761"]
[PlyCount "40"]
[EventDate "1997.??.??"]

1. e4 c5 2. Nf3 Nc6 3. d4 cxd4 4. Nxd4 Nf6 5. Nc3 e5 6. Ndb5 d6 7. Bg5 a6 8.
Na3 b5 9. Naxb5 axb5 10. Bxb5 Bd7 11. Bxf6 gxf6 12. Qd5 Rc8 13. a3 Nd4 14.
Bxd7+ Qxd7 15. Rc1 Bh6 16. O-O Bxc1 17. Rxc1 Rxc3 18. bxc3 Ne2+ 19. Kh1 Nxc1
20. Qa8+ Qd8 0-1

[Event "9. Lovsprings EMT Basis 1 1997"]
[Site "Ringsted"]
[Date "1997.05.02"]
[Round "6"]
[White "Jensen, Agner"]
[Black "Jorgensen, Lars"]
[Result "0-1"]
[WhiteElo "1732"]
[BlackElo "1816"]
[PlyCount "148"]
[EventDate "1997.??.??"]

1. e4 c5 2. Nf3 e6 3. d4 cxd4 4. c3 dxc3 5. Nxc3 Nc6 6. Bc4 Nf6 7. Qe2 Qc7 8.
h3 Be7 9. O-O O-O 10. Rd1 a6 11. e5 Ne8 12. a4 d6 13. exd6 Bxd6 14. Ne4 Bf4 15.
Bd3 b6 16. b3 Nb4 17. Ba3 a5 18. Ned2 Nf6 19. Rac1 Qb8 20. Bb5 Bb7 21. Bb2 Nfd5
22. Rc4 Rc8 23. Rdc1 Rxc4 24. Rxc4 Qd8 25. Rd4 Nc2 26. Rd3 Rc8 27. Nc4 Ncb4 28.
Rd4 Bc6 29. Bxc6 Rxc6 30. Nfe5 Rc8 31. Nd3 Nxd3 32. Rxd3 Qg5 33. Bd4 Bc7 34.
Rd1 Rd8 35. Qf3 h5 36. Ne3 Nf4 37. Bc3 Rxd1+ 38. Nxd1 Nd5 39. Be1 Qe5 40. Kf1
g6 41. Nc3 Nf4 42. Nb5 Bb8 43. Bc3 Qd5 44. Qxd5 Nxd5 45. Bd2 Bf4 46. Bc3 Nxc3
47. Nxc3 Kf8 48. Ke2 Ke7 49. Kd3 Kd6 50. Kc4 Kc6 51. Ne2 Be5 52. f4 Bb2 53. h4
f6 54. Ng3 Bc1 55. Ne2 Be3 56. Kd3 Bf2 57. Kc4 e5 58. fxe5 fxe5 59. g3 Be1 60.
Kd3 Kd5 61. Ke3 Bb4 62. Kd3 e4+ 63. Ke3 Bc5+ 64. Kd2 Bf2 65. Kc3 e3 66. Kd3 Kc5
67. Kc3 Be1+ 68. Kc2 Kb4 69. Kb2 Bd2 70. Kc2 Ka3 71. Nd4 Bb4 72. Kd3 Bc5 73.
Kxe3 Bxd4+ 74. Kxd4 Kxb3 0-1

[Event "9. Lovsprings EMT Basis 1 1997"]
[Site "Ringsted"]
[Date "1997.05.02"]
[Round "6"]
[White "Olsen, Morten Henrik"]
[Black "Jorgensen, Mikkel"]
[Result "1/2-1/2"]
[WhiteElo "1848"]
[BlackElo "1715"]
[PlyCount "80"]
[EventDate "1997.??.??"]

1. e4 d6 2. d4 Nd7 3. Nc3 Ngf6 4. Bc4 e5 5. f4 Be7 6. f5 c6 7. a3 a5 8. Nf3 O-O
9. dxe5 dxe5 10. Be3 Ng4 11. Qd2 Nxe3 12. Qxe3 b5 13. Bd3 Bc5 14. Qe2 Re8 15.
Rd1 Qb6 16. g4 Nf6 17. h3 a4 18. Nh4 b4 19. Nb1 bxa3 20. bxa3 Ba6 21. g5 Bxd3
22. cxd3 Nd7 23. Rh2 Bxa3 24. g6 Qg1+ 25. Kd2 Bb4+ 26. Kc2 Qc5+ 27. Kb2 a3+ 28.
Ka2 hxg6 29. fxg6 Qe7 30. Qh5 Qe6+ 31. Ka1 a2 32. gxf7+ Qxf7 33. Qxf7+ Kxf7 34.
Rf1+ Ke6 35. Rxa2 Rxa2+ 36. Kxa2 Rh8 37. Nf5 Rxh3 38. Nxg7+ Kd6 39. Rd1 c5 40.
Kb3 Nb6 1/2-1/2

[Event "9. Lovsprings EMT Basis 1 1997"]
[Site "Ringsted"]
[Date "1997.05.02"]
[Round "6"]
[White "Rasmussen, Henning"]
[Black "Hansen, Jens Hjort"]
[Result "1/2-1/2"]
[WhiteElo "1849"]
[BlackElo "1823"]
[PlyCount "84"]
[EventDate "1997.??.??"]

1. e4 e5 2. d4 exd4 3. Qxd4 Nc6 4. Qe3 a6 5. Nc3 g6 6. Bd2 Bg7 7. f4 Nge7 8.
Nf3 d6 9. h3 O-O 10. O-O-O b5 11. g4 b4 12. Nd5 Rb8 13. Be1 Nxd5 14. exd5 Re8
15. Qd2 Qf6 16. c3 bxc3 17. bxc3 Na7 18. Nd4 Bd7 19. Bd3 Ba4 20. Bc2 Bxc2 21.
Kxc2 Nb5 22. Nxb5 Rxb5 23. Rb1 Rxb1 24. Kxb1 Qe7 25. Qd3 Qe3 26. Qxe3 Rxe3 27.
Kc2 Kf8 28. Bd2 Rf3 29. h4 Ke7 30. h5 g5 31. fxg5 Rg3 32. g6 fxg6 33. hxg6 hxg6
34. g5 Kf8 35. Rf1+ Ke8 36. Re1+ Kd7 37. Rh1 Ke8 38. Re1+ Kd7 39. Rh1 Ke8 40.
Rb1 Rg2 41. Re1+ Kd7 42. Kd3 Rg3+ 1/2-1/2

[Event "9. Lovsprings EMT Basis 1 1997"]
[Site "Ringsted"]
[Date "1997.05.02"]
[Round "6"]
[White "Ulstrup, Benny"]
[Black "Mortensen, Martin Lind"]
[Result "1-0"]
[WhiteElo "1768"]
[BlackElo "1765"]
[PlyCount "37"]
[EventDate "1997.??.??"]

1. e4 e5 2. Nf3 Nc6 3. Bb5 a6 4. Ba4 Nf6 5. O-O Nxe4 6. d4 b5 7. Bb3 d5 8. dxe5
Be6 9. c3 Bc5 10. Qe2 O-O 11. Be3 f6 12. exf6 Qxf6 13. Nbd2 Ne5 14. Nxe4 Nxf3+
15. Qxf3 Qg6 16. Qg3 Qxe4 17. Bxc5 Rf6 18. Rae1 Qf5 19. Re5 1-0

[Event "9. Lovsprings EMT Basis 1 1997"]
[Site "Ringsted"]
[Date "1997.05.16"]
[Round "7"]
[White "Aage, Bjarke Gadgaard"]
[Black "Hansen, Ove Frank"]
[Result "1-0"]
[WhiteElo "1787"]
[BlackElo "1888"]
[PlyCount "73"]
[EventDate "1997.??.??"]

1. e4 e5 2. Nf3 Nc6 3. Bc4 Be7 4. d4 d6 5. dxe5 dxe5 6. Bd5 Bd7 7. O-O Nf6 8.
Nc3 O-O 9. Qe2 Bd6 10. Bg5 h6 11. Bh4 Qe7 12. Rad1 Nd8 13. Bc4 Be6 14. Bd5 c6
15. Bc4 Bxc4 16. Qxc4 Ne6 17. Bxf6 gxf6 18. Nh4 Rfd8 19. Nf5 Qf8 20. Ne2 Bc7
21. Qb3 Nc5 22. Qe3 Kh7 23. b4 Ne6 24. c4 Ng5 25. Neg3 Rxd1 26. Rxd1 Rd8 27.
Rxd8 Bxd8 28. c5 Be7 29. a4 Ne6 30. Nxe7 Qxe7 31. Qxh6+ Kxh6 32. Nf5+ Kg5 33.
Nxe7 Kf4 34. f3 a5 35. Kf2 axb4 36. h4 Nxc5 37. g3# 1-0

[Event "9. Lovsprings EMT Basis 1 1997"]
[Site "Ringsted"]
[Date "1997.05.16"]
[Round "7"]
[White "Jensen, Agner"]
[Black "Christensen, Henrik"]
[Result "0-1"]
[WhiteElo "1732"]
[BlackElo "1841"]
[PlyCount "130"]
[EventDate "1997.??.??"]

1. e4 d5 2. exd5 Qxd5 3. Nc3 Qa5 4. d4 Nf6 5. Nf3 Bf5 6. Bd2 c6 7. Ne4 Qd5 8.
Nxf6+ gxf6 9. c3 Rg8 10. g3 Bg4 11. Bg2 Nd7 12. O-O O-O-O 13. Re1 e5 14. Nh4
Qd6 15. Qa4 a6 16. Be3 Nb6 17. Qb3 Nd5 18. dxe5 fxe5 19. Ba7 Be7 20. c4 Nc7 21.
Nf3 f6 22. Rad1 Qb4 23. Qc2 h5 24. a3 Qa5 25. Qb3 Bc5 26. Bxc5 Qxc5 27. h3 Be6
28. Nd2 h4 29. Ne4 Qe7 30. g4 f5 31. Rxd8+ Rxd8 32. gxf5 Bxf5 33. c5 Bxe4 34.
Rxe4 Nd5 35. Qf3 Kb8 36. b4 Rg8 37. Rg4 Rf8 38. Qe4 Nf6 39. Qc4 Nxg4 40. hxg4
Qf6 41. f3 Rd8 42. Qe4 Rd1+ 43. Kh2 Ra1 44. Qe3 Rd1 45. Kh3 Rd8 46. Qe4 Rf8 47.
Qe3 Kc7 48. Qe4 Rf7 49. Qe3 Kd7 50. Qd3+ Ke7 51. Qd2 Rf8 52. Qe3 Kf7 53. Bf1
Kg7 54. Be2 Qf4 55. Qxf4 Rxf4 56. Kxh4 e4 57. fxe4 Rxe4 58. Bd3 Re3 59. Bf5
Rxa3 60. Bc8 a5 61. Bxb7 axb4 62. Bxc6 Rc3 63. Bd7 Rxc5 64. Be6 Rc3 65. Kg5 b3
0-1

[Event "9. Lovsprings EMT Basis 1 1997"]
[Site "Ringsted"]
[Date "1997.05.16"]
[Round "7"]
[White "Jensen, Karsten"]
[Black "Jorgensen, Mikkel"]
[Result "1-0"]
[WhiteElo "1761"]
[BlackElo "1715"]
[PlyCount "45"]
[EventDate "1997.??.??"]

1. f4 e5 2. d3 d6 3. e4 Nc6 4. Nf3 Be7 5. Be2 Bg4 6. O-O Nf6 7. Nc3 O-O 8. Nd5
Nxd5 9. exd5 Nb4 10. c4 exf4 11. Bxf4 Na6 12. d4 Re8 13. Qd2 Bf6 14. Kh1 Re4
15. Bd3 Bxf3 16. Rxf3 Rxd4 17. Rh3 g6 18. Qf2 Nc5 19. Bg5 Nxd3 20. Rxd3 Rxd3
21. Bxf6 Qf8 22. Qe2 Rxd5 23. cxd5 1-0

[Event "9. Lovsprings EMT Basis 1 1997"]
[Site "Ringsted"]
[Date "1997.05.16"]
[Round "7"]
[White "Mott, Jens"]
[Black "Mortensen, Martin Lind"]
[Result "1-0"]
[WhiteElo "1799"]
[BlackElo "1765"]
[PlyCount "79"]
[EventDate "1997.??.??"]

1. Nf3 d5 2. d4 c6 3. Bf4 Nf6 4. h3 Qb6 5. Qc1 Nbd7 6. e3 e6 7. Bd3 c5 8. c3
Bd6 9. O-O Qc7 10. Bxd6 Qxd6 11. Nbd2 e5 12. dxe5 Nxe5 13. Bb5+ Kf8 14. Qd1
Nxf3+ 15. Nxf3 g5 16. Ne1 h5 17. f3 g4 18. h4 Qg3 19. Nd3 Qxh4 20. Nf4 g3 21.
Re1 Qg5 22. Qd2 Qe5 23. Bf1 h4 24. Rad1 Be6 25. a3 Ke7 26. Nd3 Qc7 27. b4 b6
28. Nf4 Rac8 29. Qe2 c4 30. Rd4 a5 31. Red1 axb4 32. axb4 Ra8 33. Nxe6 fxe6 34.
e4 e5 35. exd5 Kd6 36. Rxc4 Qa7 37. Rc6+ Kd7 38. Qb5 Ke7 39. d6+ Kf7 40. Rc7+
1-0

[Event "9. Lovsprings EMT Basis 1 1997"]
[Site "Ringsted"]
[Date "1997.05.16"]
[Round "7"]
[White "Rasmussen, Henning"]
[Black "Ulstrup, Benny"]
[Result "1/2-1/2"]
[WhiteElo "1849"]
[BlackElo "1768"]
[PlyCount "89"]
[EventDate "1997.??.??"]

1. e4 d5 2. exd5 Qxd5 3. Nc3 Qa5 4. d4 Nf6 5. Bc4 Bf5 6. Nge2 e6 7. O-O Nbd7 8.
Ng3 Bg6 9. Bd2 c6 10. d5 cxd5 11. Nxd5 Qc5 12. Nxf6+ Nxf6 13. Qe2 Bd6 14. Bg5
Ke7 15. c3 Rhd8 16. Be3 Qc7 17. Rad1 Kf8 18. Bg5 Be7 19. Qf3 Qb6 20. a4 a6 21.
Be3 Bc5 22. Bxc5+ Qxc5 23. Bd3 Bxd3 24. Rxd3 Rxd3 25. Qxd3 Qd5 26. Qxd5 Nxd5
27. Rd1 Re8 28. Rd4 g6 29. Kf1 Ke7 30. Ne4 f5 31. Nd2 b5 32. g3 Rd8 33. axb5
axb5 34. c4 bxc4 35. Nxc4 Kf6 36. Rd2 Rb8 37. Ke2 Rb4 38. Ne3 Re4 39. Kf3 Nb6
40. Rd6 Rb4 41. Rd2 Rb3 42. Ke2 Na4 43. Nd1 h6 44. h4 g5 45. hxg5+ 1/2-1/2